El argumento y la fundamentación jurídica / (Registro nro. 28083)
[ vista simple ]
| 000 -LEADER | |
|---|---|
| fixed length control field | 00945nam a2200253Ia 4500 |
| 003 - CONTROL NUMBER IDENTIFIER | |
| control field | CO-CtgCURN |
| 005 - DATE AND TIME OF LATEST TRANSACTION | |
| control field | 20250408173753.0 |
| 008 - FIXED-LENGTH DATA ELEMENTS--GENERAL INFORMATION | |
| fixed length control field | 190722s2008 xx g 000 0 spa d |
| 020 ## - INTERNATIONAL STANDARD BOOK NUMBER | |
| International Standard Book Number | 9789587114409 |
| 040 ## - CATALOGING SOURCE | |
| Original cataloging agency | CO-CtgCURN |
| Language of cataloging | spa |
| Transcribing agency | coctgcurn |
| 082 ## - DEWEY DECIMAL CLASSIFICATION NUMBER | |
| Classification number | 340.1 |
| Item number | F465 |
| 100 ## - MAIN ENTRY--PERSONAL NAME | |
| Personal name | Fierro-Méndez, Heliodoro |
| 9 (RLIN) | 2002 |
| 245 #0 - TITLE STATEMENT | |
| Title | El argumento y la fundamentación jurídica / |
| Statement of responsibility, etc. | Heliodoro Fierro Méndez |
| 260 ## - PUBLICATION, DISTRIBUTION, ETC. | |
| Place of publication, distribution, etc. | Bogotá, Colombia : |
| Name of publisher, distributor, etc. | Leyer, |
| Date of publication, distribution, etc. | 2008 |
| 300 ## - PHYSICAL DESCRIPTION | |
| Extent | 690 páginas ; |
| Dimensions | 23 centímetros |
| 504 ## - BIBLIOGRAPHY, ETC. NOTE | |
| Bibliography, etc. note | Incluye referencias bibliográficas |
| 505 ## - FORMATTED CONTENTS NOTE | |
| Formatted contents note | pte. 1. La argumentacion juridica -- pte. 2. La fundamentacion juridica |
| 521 ## - TARGET AUDIENCE NOTE | |
| Target audience note | AREA PROFESIONAL |
| 590 ## - LOCAL NOTE (RLIN) | |
| Local note | Programa de Derecho_18 |
| 650 ## - SUBJECT ADDED ENTRY--TOPICAL TERM | |
| Topical term or geographic name entry element | Argumentación jurídica |
| 9 (RLIN) | 2003 |
| 942 ## - ADDED ENTRY ELEMENTS (KOHA) | |
| Koha item type | Libros |
| Classification part | 340.1 |
| Item part | F465 |
| Source of classification or shelving scheme | Dewey Decimal Classification |
| Koha issues (borrowed), all copies | 5 |
| Suppress in OPAC | No |
| Withdrawn status | Lost status | Source of classification or shelving scheme | Damaged status | Not for loan | Collection | Home library | Current library | Shelving location | Date acquired | Source of acquisition | Inventory number | Total checkouts | Total renewals | Full call number | Barcode | Date last seen | Date last checked out | Copy number | Price effective from | Koha item type | Public note |
|---|---|---|---|---|---|---|---|---|---|---|---|---|---|---|---|---|---|---|---|---|---|
| Dewey Decimal Classification | Miguel Henríquez Castañeda Barranquilla | Miguel Henríquez Castañeda Barranquilla | General | 05/23/2018 | Compra OC-08-004-15 | 04217 | 4 | 2 | 340.1 F465 | 04217 | 10/01/2024 | 03/07/2023 | ej.1 | 07/22/2019 | Libros | Compra OC-08-004-15 IIP 2015 | |||||
| Dewey Decimal Classification | Miguel Henríquez Castañeda Barranquilla | Miguel Henríquez Castañeda Barranquilla | General | 05/23/2018 | Compra OC-08-004-15 | 04218 | 1 | 340.1 F465 | 04218 | 03/17/2022 | 03/12/2022 | ej.2 | 07/22/2019 | Libros | Compra OC-08-004-15 IIP 2015 |